000 00751cab a2200217 4500
001 WB2913-49
008 090401t xxu||||| |||| 00| 0 eng d
035 _a(Sirsi) u41260
041 _aeng
245 2 _aA harvest of paperwork
260 _c(102/93) 30 March 1993(4)
350 _a0
490 _aDaily Telegraph
_v31 March 1993, 4
490 _aMAFF News Release
_v(102/93) 30 March 1993(4)
520 _aDetails of the Integrated Administration and Control System. The NFU have run a series of road shows to keep farmers up to date and CLA has established a network of land agents to give 15 minutes of free advice to members.
650 _aCAP REFORM
650 _aIACS
690 _aRURAL PRACTICE
942 _n0
948 _c04/03/1997
999 _c26513
_d26513